| 000 | 00713nam a2200193 a 4500 | ||
|---|---|---|---|
| 001 | 000045199 | ||
| 005 | 20201002045947.0 | ||
| 008 | 150210s2007 dr a r 000 0 spa d | ||
| 040 |
_aDO-SdBNP _bspa _cBNPHU |
||
| 082 |
_axxxx _bA185d |
||
| 100 | 1 |
_aAcosta Pérez, Laura _973213 |
|
| 245 | 1 | 0 |
_aDando y dando historias educativas / _cLaura Acosta Pérez ; edición Fernando Peña Avila ; ilustraciones Beatriz Lassis Rodríguez. |
| 260 |
_aSanto Domingo : _bDGII, _c2007. |
||
| 300 |
_a16 p. ; : _bil. ; _c28 cm. |
||
| 590 | _aInventariado, 2018/BT | ||
| 700 | 1 | 2 |
_aDirección General de Impuestos Internos _973214 |
| 700 | 1 |
_aPeña Avila, Fernando, _eed. _973215 |
|
| 700 | 1 |
_aLassis Rodríguez, Beatriz, _eil. _973216 |
|
| 999 |
_c44688 _d44688 |
||